Le World-Wide Web : Création de serveurs sur Internet

l'Internet et au World Wide Web ; et 3) l'essor des bibliothèques numérisées accessibles par ordinateur. ... utilisées est le World Wide Web (WWW) dont le logiciel Mosaïc permet de consulter des documents sur des serveurs hébergés partout dans le monde. Le Web fut conçu par le CERN...

وصف كامل

محفوظ في:
التفاصيل البيبلوغرافية
المؤلف الرئيسي: Péliks, Gérard
التنسيق: كتاب
اللغة:Undetermined
منشور في: Paris Editions Addison-Wesley France 1995
الموضوعات:
الوسوم: إضافة وسم
لا توجد وسوم, كن أول من يضع وسما على هذه التسجيلة!
Thư viện lưu trữ: Trung tâm Học liệu Trường Đại học Cần Thơ
LEADER 00956nam a2200205Ia 4500
001 CTU_232809
008 210402s9999 xx 000 0 und d
082 |a 004.678 
082 |b P521 
100 |a Péliks, Gérard 
245 0 |a Le World-Wide Web : 
245 0 |b Création de serveurs sur Internet 
245 0 |c Gérard Péliks 
260 |a Paris 
260 |b Editions Addison-Wesley France 
260 |c 1995 
520 |a l'Internet et au World Wide Web ; et 3) l'essor des bibliothèques numérisées accessibles par ordinateur. ... utilisées est le World Wide Web (WWW) dont le logiciel Mosaïc permet de consulter des documents sur des serveurs hébergés partout dans le monde. Le Web fut conçu par le CERN (Organisation européenne pour la recherche nucléaire) à partir d'une navigation hypermédia. 
650 |a Mạng Internet,Internet 
910 |b dqhieu 
980 |a Trung tâm Học liệu Trường Đại học Cần Thơ